| 000 | 00794nam a2200217Ii 4500 | ||
|---|---|---|---|
| 003 | JO-AjNU | ||
| 008 | 230605s9999||||xx |||||||||||||| ||und|| | ||
| 017 | _a2018/5/2586 | ||
| 040 |
_aJO-AjNU _bara _erda _cJO-AjNU |
||
| 041 | _aara | ||
| 050 | 1 | 4 | _aD374.M84 2018 |
| 100 | 3 |
_aكامل، مصطفى , _eauthor _958405 |
|
| 245 | 0 | 0 | _aالمسألة الشرقية |
| 264 | 3 | 1 | _aعمان: وزارة الثقافة، 2018 |
| 300 | _a120ص | ||
| 336 |
_atext _btxt _2rdacontent |
||
| 337 |
_aunmediated _bn _2rdamedia |
||
| 338 |
_avolume _bnc _2rdacarrier |
||
| 490 | 0 | _aمكتبة الاسرة الاردنية/ مهرجان القراءة للجميع، 2018 | |
| 650 | 4 |
_aمصر -- تاريخ -- عباس حلمي الثاني - الاحتلال البريطاني، 1882-1936 _958406 |
|
| 999 |
_aA26226 _c29794 _d29794 |
||